| 000 | 00705nam a2200205 i 4500 | ||
|---|---|---|---|
| 001 | 78829 | ||
| 003 | ES-MaACL | ||
| 005 | 20250801131935.0 | ||
| 007 | t| | ||
| 008 | 041018s1907 it ||||1| ita d | ||
| 100 | 1 |
_aHegel, Georg Wilhelm Friedrich. _962316 |
|
| 245 | 1 | 0 |
_aEnciclopedia delle Scienze Filosofiche in compendio / _cGiorgio Gugliemo Federico Hegel ; tradotta de Benedetto Croce. |
| 260 |
_aBari : _bGius Laterza, _c1907. |
||
| 300 |
_aXXVI, 523 p. ; _c21 cm. |
||
| 490 | 1 |
_aClassici della filosofia moderna ; _v1 |
|
| 700 | 1 |
_aCroce, Benedetto, _d1866-1952 _9241508 |
|
| 830 | 0 |
_aClassici della filosofia moderna ; _v1 _9183610 |
|
| 852 |
_aES-MaACL _jF-12514 |
||
| 999 |
_c78829 _d78829 |
||